000 00801cam a2200205 i 4500
005 20260423110839.0
008 250721s2007 su gr 000 0 ara d
020 _a9960890759
082 1 4 _a418.02
_bد ر و
100 1 _aالدروبي، سمير
_eمؤلف.
245 1 2 _aالترجمة والتعريب بين العصرين العباسي والمملوكي /
_cتأليف الأستاذ الدكتور سمير الدروبي.
250 _aالطبعة الأولى.
264 3 1 _aالرياض :
_bمركز الملك فيصل للبحوث والدراسات الإسلامية،
_c2007.
300 _a261 صفحة.
650 1 7 _aالعصر العباسي.
650 1 7 _aالترجمه.
653 _aالعصر المملوكي
942 _2ddc
_cBK
999 _c12351
_d12351